header

Iran's security policy in the post-revolutionary era (Record no. 27894)

MARC details
000 -LEADER
fixed length control field 01243nam a22003254a 4500
082 04 - DEWEY DECIMAL CLASSIFICATION NUMBER
Classification number 355/.033055
245 00 - TITLE STATEMENT
Title Iran's security policy in the post-revolutionary era
260 ## - PUBLICATION, DISTRIBUTION, ETC. (IMPRINT)
Place of publication Santa Monica, CA :
Name of publisher RAND,
Year of publication 2001.
300 ## - PHYSICAL DESCRIPTION
Number of Pages xx, 113 p.
650 #0 - SUBJECT ADDED ENTRY--TOPICAL TERM
Topical Term National security
700 1# - ADDED ENTRY--PERSONAL NAME
Personal name Byman, Daniel,
856 40 - ELECTRONIC LOCATION AND ACCESS
Uniform Resource Identifier http://site.ebrary.com/lib/rucke/Doc?id=10015438

No items available.

© 2026 Rongo University
Contact us: librarian | system librarian | Rongo university